| 000 | 00844nam a22002415a 4500 | ||
|---|---|---|---|
| 003 | OSt | ||
| 005 | 20170503120054.0 | ||
| 008 | 160922s2008 ua frb 000 0 ara d | ||
| 015 | _a2008 / 8724 | ||
| 020 | _a9789770316372 | ||
| 040 |
_aEG-ScBUE _bara _cEG-ScBUE _dEG-ScBUE |
||
| 082 | 0 | 4 |
_a345.0268 _bم ص ط _222 |
| 100 | 1 | _aمصطفى، خالد حامد. | |
| 245 | 1 | 0 |
_aجريمة غسل الأموال : _bدراسة مقارنة / _cخالد حامد مصطفى. |
| 260 |
_aالإسكندرية، مصر : _bمنشأة المعارف، _c2008. |
||
| 300 |
_a584 ص. ؛ _c24 سم. |
||
| 490 | 0 | _aكتب قانونية | |
| 504 | _aيشتمل على إرجاعات ببليوجرافية. | ||
| 650 | 0 |
_aغسيل الأموال _xقوانين وتشريعات. _2BUEsh |
|
| 651 | _2BUEsh | ||
| 653 |
_bLLAAWW _cMay2017 |
||
| 942 | _2ddc | ||
| 999 |
_c24767 _d24739 |
||